| 000 | 01115cam a2200289 a 4500 | ||
|---|---|---|---|
| 001 | 4416904 | ||
| 003 | ARRUPE | ||
| 005 | 20150828123356.0 | ||
| 008 | 931116s1994 ncu b 001 0 eng | ||
| 010 | _a 93043023 | ||
| 020 | _a0822314797 (acidfree paper) | ||
| 020 | _a0822314940 (pbk. : acidfree paper) | ||
| 040 |
_aDLC _cDLC _dDLC |
||
| 050 | 0 | 0 |
_aBD220 _b.R48 1994 |
| 082 | 0 | 0 |
_a121/.4 _220 |
| 245 | 0 | 0 |
_aRethinking objectivity / _cedited by Allan Megill. |
| 260 |
_aDurham : _bDuke University Press, _c1994. |
||
| 300 |
_aix, 342 p. ; _c23 cm. |
||
| 440 | 0 |
_aPost-contemporary interventions _919235 |
|
| 500 | _a"The essays in this book originally appeared in volume 8, number 3/4 (1991) and volume 9, number 1/2 (1992) of Annals of scholarship"--T.p. verso. | ||
| 504 | _aIncludes bibliographical references and index. | ||
| 650 | 0 |
_aObjectivity. _919236 |
|
| 700 | 1 |
_aMegill, Allan. _919237 |
|
| 906 |
_a7 _bcbc _corignew _d1 _eocip _f19 _gy-gencatlg |
||
| 942 |
_2lcc _cMONOGRAPH |
||
| 999 |
_c123210 _d123210 |
||